| 000 | 01089nam a22002297a 4500 | ||
|---|---|---|---|
| 005 | 20090119120914.0 | ||
| 008 | 090119t xxu||||| |||| 00| 0 hin d | ||
| 010 | _aHIN-92545 | ||
| 020 |
_a9788190422604 _c350.00 |
||
| 035 | _aHN-64891 | ||
| 037 | _bDBAD / PUB | ||
| 040 |
_aDPL _bHN |
||
| 082 | _a530 | ||
| 100 |
_aपांडेय, ललित किशोर _927647 |
||
| 245 |
_aभौतिकी के नये आयाम / _cललित किशोर पांडेय |
||
| 246 |
_aBhautilii ke naye aayaama _bby Lalit Kishore Pandey |
||
| 260 |
_aदिल्ली _bआकाशगंगा प्रकाशन _c2011 |
||
| 270 |
_a1/11437, सुभाष पार्क एक्सटेंशन, गली नं.2 नवीन शाहदरा _bदिल्ली _e110 032 |
||
| 300 |
_a240पृ. _c22सेमी (सजिल्द) |
||
| 942 |
_2ddc _cHN _mपांडेय _h530 |
||
| 999 |
_c52080 _d52080 |
||